| 000 | 00466nam a2200193Ia 4500 | ||
|---|---|---|---|
| 003 | OSt | ||
| 005 | 20250131160031.0 | ||
| 008 | 210210b1974 xxu||||| |||| 00| 0 eng d | ||
| 040 | _cAL | ||
| 041 | _aKannada | ||
| 082 | _aK894.7 BICK | ||
| 100 |
_aBICHI _9131313 _dಬೀಚಿ |
||
| 245 |
_aKannada. _bಕನ್ನಡ |
||
| 260 |
_aBengaluru _bPrakasha Sahitya _c1974 |
||
| 300 | _a136 | ||
| 690 |
_aKannada Humour _9131314 |
||
| 906 | _a033149 | ||
| 942 |
_2ddc _cBK |
||
| 999 |
_c83932 _d83932 |
||